Guess We Lied... - FLETCHER - Statistics

General Stats
  • This quiz has been taken 4 times
  • The average score is 114 of 302
Answer Stats
Hint Answer % Correct
I
100%
a
50%
and
50%
And
50%
be
50%
better
50%
Break
50%
but
50%
can
50%
Did
50%
Do
50%
do
50%
doin'
50%
don't
50%
easy
50%
even
50%
ever
50%
fine
50%
For
50%
forever
50%
fuckin'
50%
go
50%
gonna
50%
good
50%
guess
50%
heard
50%
heart
50%
hurt?
50%
if
50%
If
50%
in
50%
it
50%
just
50%
Just
50%
know
50%
let
50%
lie
50%
(Lie)
50%
lie,
50%
lied
50%
love,
50%
Make
50%
make
50%
me
50%
my
50%
Pre-Chorus My
50%
need
50%
no,
50%
No,
50%
not
50%
now
50%
of
50%
off
50%
said
50%
Bridge | Chorus So
50%
tell
50%
that
50%
to
50%
try
50%
we
50%
You
50%
you
50%
you,
50%
you're
50%
again
0%
Any
0%
At
0%
bed
0%
bits
0%
by
0%
'Cause
0%
closer
0%
cry
0%
cut
0%
deep
0%
didn't
0%
each
0%
enemies
0%
fadin',
0%
fallout
0%
feeling
0%
friends,
0%
get
0%
got
0%
hate
0%
head
0%
healin'?
0%
Intro Here
0%
hold
0%
I'm
0%
is
0%
It's
0%
least
0%
life
0%
losin'
0%
lovers
0%
miss
0%
never
0%
new
0%
nothin'
0%
(Nothin')
0%
only
0%
onto
0%
other,
0%
over
0%
pieces,
0%
real
0%
seasons
0%
six
0%
somethin',
0%
somethin'
0%
tattoo
0%
than
0%
that's
0%
the
0%
them
0%
thinkin'
0%
thought
0%
truth
0%
tryna
0%
up
0%
way,
0%
we'd
0%
Verse 1 We're
0%
we're
0%
worth
0%
would
0%
No matching quizzes found
Score Distribution
Percent of People with Each Score
Percentile by Number Answered
Your Score History
You have not taken this quiz